Formule 1- Quiz sur Lewis Hamilton - Statistiques

Statistiques générales
  • Ce quiz a été pris 1 544 fois
  • Le résultat moyen est 9 sur 13
Statistiques - réponses
Hint Réponse % Correct
Quel est son numéro ? 44
99%
Chez quelle écurie a-t-il commencé sa carrière en formule 1? McLaren
95%
En quelle année est-il devenu champion du monde pour la première fois? 2008
94%
Depuis quelle année roule t-il pour Mercedes? 2013
90%
En quelle année? 2007
87%
En quelle année a-t-il marqué le plus de points en une saison? 2019
87%
Qui a-t-il remplacé? Schumacher
66%
Combien de records detient-il? (en 2022) 6
58%
Qui l'a convaincu de rejoindre l'ecurie? Niki Lauda
54%
Où a-t-il remporté son 7ème titre de champion du monde? Turquie
53%
Lors de quel grand prix a-t-il obtenu sa première victoire? Canada
50%
Dans quelle écurie a-t-il réalisé sa saison de GP2 series? ART Grand Prix
39%
Qui a été son coéquipier de 2008 a 2009? Heikki Kovalainen
33%
Aucun quiz correspondant
Distribution des résultats
% des personnes avec chaque résultat
Percentile par nombre de réponses
Votre historique - résultats
Vous n’avez pas pris ce quiz